LEADER 01266nam--2200397---450- 001 990001047010203316 005 20070213155408.0 011 $a1121-0745 035 $a0104701 035 $aUSA010104701 035 $a(ALEPH)000104701USA01 035 $a0104701 100 $a20020320d--------km-y0itay0103----ba 101 $aita 102 $aIT 110 $aaja----0--1 200 1 $aQuaderni del dipartimento patrimonio architettonico e urbanistico$estoria cultura progetto 207 $aVol. 1 (1991)- 210 $aSoveria Mannelli$cRubbettino 215 $av.$cill. 326 $aSemestrale 606 $aArchitettura$xPeriodici 676 $a720 712 01$aCalabria$b: Dipartimento Architettonico e Urbanistico di Reggio Calabria 801 0$aIT$bsalbc$gISBD 912 $a990001047010203316 958 $aTEC$bCIV - FONDO$c1(1991)-4(1994) 959 $aSE 979 $aPATTY$b90$c20020320$lUSA01$h1204 979 $aPATTY$b90$c20020320$lUSA01$h1204 979 $aJOHNNY$b90$c20020321$lUSA01$h1428 979 $c20020403$lUSA01$h1745 979 $aPATRY$b90$c20040406$lUSA01$h1712 979 $aFIORELLA$b90$c20070213$lUSA01$h1554 996 $aQuaderni del dipartimento patrimonio architettonico e urbanistico$9976572 997 $aUNISA LEADER 01725oam 2200421M 450 001 9910716215003321 005 20200213070531.8 035 $a(CKB)5470000002519979 035 $a(OCoLC)1065840185 035 $a(OCoLC)995470000002519979 035 $a(EXLCZ)995470000002519979 100 $a20071213d1926 ua 0 101 0 $aeng 135 $aurcn||||||||| 181 $ctxt$2rdacontent 182 $cc$2rdamedia 183 $acr$2rdacarrier 200 10$aTo designate the times and places of holding terms of the United States district court for the District of Massachusetts. March 16, 1926. -- Referred to the House Calendar and ordered to be printed 210 1$a[Washington, D.C.] :$c[U.S. Government Printing Office],$d1926. 215 $a1 online resource (1 page) 225 1 $aHouse report / 69th Congress, 1st session. House ;$vno. 567 225 1 $a[United States congressional serial set ] ;$v[serial no. 8532] 300 $aBatch processed record: Metadata reviewed, not verified. Some fields updated by batch processes. 300 $aFDLP item number not assigned. 606 $aLegislative amendments 606 $aTerms of court 608 $aLegislative materials.$2lcgft 615 0$aLegislative amendments. 615 0$aTerms of court. 701 $aYates$b Richard$f1860-1936$pRepublican (IL)$01386170 801 0$bWYU 801 1$bWYU 801 2$bOCLCO 801 2$bOCLCQ 906 $aBOOK 912 $a9910716215003321 996 $aTo designate the times and places of holding terms of the United States district court for the District of Massachusetts. March 16, 1926. -- Referred to the House Calendar and ordered to be printed$93492264 997 $aUNINA